000 00661 a2200193 4500
020 _a3540607528
020 _a9783540607526
082 _a516.373
090 _c1279
_d1279
100 1 _aAubin, Thierry.
245 1 0 _aSome nonlinear problems in riemannian geometry /
_cThierry Aubin.
260 _a[S.l.] :
_bSpringer,
_c1998.
300 _a414 p. ;
_c25 cm.
490 1 _aSpringer monographs in mathematics.
700 _aAubin, Thierry.
830 0 _aSpringer monographs in mathematics.
942 _aSNS
_cBK
_k516.373 AUB
999 _c29892
_d29892